Karma in Christianity / (Record no. 84101)

MARC details
000 -LEADER
fixed length control field 00515nam a22001817a 4500
005 - DATE AND TIME OF LATEST TRANSACTION
control field 20140805110518.0
010 ## - LCCN (DPL NO)
LC control number ENG-109982
020 ## - INTERNATIONAL STANDARD BOOK NUMBER
Terms of availability 300.00
International Standard Book Number 9789380151915
035 ## - SYSTEM CONTROL NUMBER
System control number EN-93515
037 ## - SOURCE OF ACQUISITION
Source of stock number/acquisition DBAD/PUB
082 ## - DEWEY DECIMAL CLASSIFICATION NUMBER
Classification number 280
100 ## - MAIN ENTRY--PERSONAL NAME
Personal name Charles Pradeep
245 00 - TITLE STATEMENT
Title Karma in Christianity /
Statement of responsibility, etc by Charles Pradeep
260 ## - PUBLICATION, DISTRIBUTION, ETC. (IMPRINT)
Place of publication, distribution, etc Goa
Name of publisher, distributor, etc CinnamonTeal
Date of publication, distribution, etc 2011
270 ## - ADDRESS
Address Polt No 16,Gogal, Housing Board Colony
City Margao Goa
Postal code 403601
300 ## - PHYSICAL DESCRIPTION
Extent 179p.
Dimensions 22cm(pbk)
942 ## - ADDED ENTRY ELEMENTS (KOHA)
Source of classification or shelving scheme Dewey Decimal Classification
Item type English Books
Call number suffix CHA
Classification part 280
Holdings
Withdrawn status Lost status Not for loan Collection code Home library Current library Date acquired Source of acquisition Cost, normal purchase price Full call number Barcode Copy number Cost, replacement price Koha item type
    Not For Loan Non-fiction D.B.Act.Division D.B.Act.Division 09/05/2014 DBAD/PUB 300.00 280 CHA EN-93515 1 300.00 English Books

© Delhi Public Library
Hit Counter
free hit counter